Electronic engineering materials and devices / (Record no. 9661)
[ view plain ]
| 000 -LEADER | |
|---|---|
| fixed length control field | 00826nac a22002171u 4500 |
| 010 ## - LIBRARY OF CONGRESS CONTROL NUMBER | |
| LC control number | 70030835 |
| 020 ## - INTERNATIONAL STANDARD BOOK NUMBER | |
| International Standard Book Number | 0070941513 |
| 082 00 - DEWEY DECIMAL CLASSIFICATION NUMBER | |
| Classification number | 621.381 |
| Item number | ALL |
| 090 ## - LOCALLY ASSIGNED LC-TYPE CALL NUMBER (OCLC); LOCAL CALL NUMBER (OCLC) | |
| -- | 9661 |
| -- | 9661 |
| 100 ## - MAIN ENTRY--PERSONAL NAME | |
| Personal name | Allison, John. |
| 245 10 - TITLE STATEMENT | |
| Title | Electronic engineering materials and devices / |
| Statement of responsibility, etc | John Alison. |
| 260 ## - PUBLICATION, DISTRIBUTION, ETC. (IMPRINT) | |
| Place of publication, distribution, etc | New Delhi, |
| -- | New York, |
| Name of publisher, distributor, etc | Tata McGraw-Hill, c.1971. |
| Date of publication, distribution, etc | c.1971. |
| 300 ## - PHYSICAL DESCRIPTION | |
| Extent | xii, 302 p. |
| Other physical details | illus. |
| Dimensions | 24 cm. |
| 490 0# - Series Statement | |
| Series statement | European electrical and electronic engineering series |
| 500 ## - GENERAL NOTE | |
| General note | Distributer:Al-Ahram. |
| 511 ## - PARTICIPANT OR PERFORMER NOTE | |
| Participant or performer note | Catalogued By: Mahitab. |
| 650 #0 - SUBJECT ADDED ENTRY--TOPICAL TERM | |
| Topical term or geographic name as entry element | Electronics |
| General subdivision | Materials. |
| 650 #0 - SUBJECT ADDED ENTRY--TOPICAL TERM | |
| Topical term or geographic name as entry element | Semiconductors. |
| 942 ## - ADDED ENTRY ELEMENTS (KOHA) | |
| Item type | Book - Borrowing |
| Call number prefix | 621.381ALL |
| Withdrawn status | Item status | Source of classification or shelving scheme | Damaged status | Not for loan | Vendor | Home library | Current library | Shelving location | Date acquired | Source of acquisition | Total Checkouts | Total Renewals | Full call number | Barcode | Date last seen | Date last borrowed | Cost, replacement price | Koha item type |
|---|---|---|---|---|---|---|---|---|---|---|---|---|---|---|---|---|---|---|
| Dewey Decimal Classification | Central Library | Central Library | First floor | 27/05/2008 | 1 | 1 | 621.381ALL | 000011715 | 15/07/2025 | 27/10/2009 | 48.00 | Book - Borrowing |